| Tag |
First Indicator |
Second Indicator |
Subfields |
| LEADER |
00000cam a2200000 i 4500 |
| 001 |
in00000095650 |
| 005 |
20150925085453.0 |
| 008 |
800201s1979 nyuc b 01100 eng |
| 010 |
|
|
|a 78024752
|
| 020 |
|
|
|a 0029209307
|
| 035 |
|
|
|a (OCoLC)05555915
|
| 035 |
|
|
|9 AAL1866AM
|
| 040 |
|
|
|a DLC
|c DLC
|d TXA
|d UtOrBLW
|
| 049 |
|
|
|a TXAM
|c [1191181]
|
| 050 |
0 |
0 |
|a HM24
|b .Q34
|
| 082 |
0 |
|
|a 301/.01/8
|
| 245 |
0 |
0 |
|a Qualitative and quantitative social research :
|b papers in honor of Paul F. Lazarsfeld /
|c edited by Robert K. Merton, James S. Coleman, Peter H. Rossi.
|
| 264 |
|
1 |
|a New York :
|b Free Press,
|c [1979]
|
| 264 |
|
4 |
|c ©1979
|
| 300 |
|
|
|a xviii, 413 pages :
|b portrait ;
|c 24 cm.
|
| 336 |
|
|
|a text
|b txt
|2 rdacontent
|
| 337 |
|
|
|a unmediated
|b n
|2 rdamedia
|
| 338 |
|
|
|a volume
|b nc
|2 rdacarrier
|
| 504 |
|
|
|a Includes bibliographies and indexes.
|
| 600 |
1 |
0 |
|a Lazarsfeld, Paul F.,
|d 1901-1976.
|
| 600 |
1 |
0 |
|a Lazarsfeld, Paul F.,
|d 1901-1976
|x Bibliography.
|
| 650 |
|
0 |
|a Sociology
|x Methodology.
|
| 700 |
1 |
|
|a Lazarsfeld, Paul F.,
|d 1901-1976.
|
| 700 |
1 |
|
|a Merton, Robert King,
|d 1910-2003.
|
| 700 |
1 |
|
|a Coleman, James S.,
|d 1926-1995.
|
| 700 |
1 |
|
|a Rossi, Peter H.
|q (Peter Henry),
|d 1921-2006.
|
| 999 |
|
|
|a MARS
|
| 999 |
f |
f |
|s 65b0d641-19ec-3173-99ac-4270d5927cc9
|i b42036e3-d75c-3ea1-8694-ab513820bc94
|t 0
|
| 952 |
f |
f |
|p ric
|a Texas A&M University
|b Rellis Campus
|c Joint Library Facility
|d Remote Storage
|t 0
|e HM24 .Q34
|h Library of Congress classification
|i unmediated -- volume
|m A14802904914
|
| 998 |
f |
f |
|a HM24 .Q34
|t 0
|l Remote Storage
|